[Event "AUT-chT9697"]
[Site "Austria"]
[Date "1996.??.??"]
[Round "3"]
[White "Schieder, Andreas"]
[Black "Pierecker, Markus"]
[Result "1/2-1/2"]
[WhiteElo "2125"]
[BlackElo "2265"]

1.d4 Nf6 2.Bg5 e6 3.Nd2 d5 4.e3 Nbd7 5.f4 Be7 6.Bd3 b6 7.Nh3 Bb7 8.Qf3 h6
9.Bxf6 Bxf6 10.O-O Qe7 11.c3 O-O-O 12.e4 dxe4 13.Bxe4 Bxe4 14.Nxe4 Kb8 15.a4 Nf8
16.a5 Qd7 17.axb6 cxb6 18.Nhf2 Ng6 19.Ra6 Ne7 20.Rfa1 Nc6 21.Ng4 Qb7 22.R6a4 Nxd4
23.cxd4 Bxd4+ 24.Ngf2 f5 25.Nc3 Qxf3 26.gxf3 a5 27.Kf1 Bxf2 28.Kxf2 Rd2+
29.Kg3 Rxb2 30.Re1 Rc8 31.Nd1 Rb1 32.Rxe6 Rxd1 33.Rxb6+ Kc7 34.Rb5 Ra8 35.Rbxa5 Rxa5
36.Rxa5 g6 37.Ra7+ Kd8 38.Rh7 Ke8 39.Rxh6 Kf7 40.Rh7+ Kf6 41.Ra7 Rg1+ 42.Kf2 Rb1
43.h4 Rc1 44.Rh7 Ra1 45.h5 gxh5 46.Rh6+ Kg7 47.Rxh5 Kg6 48.Rh8 Rc1 49.Ra8 Rb1
50.Ra6+ Kf7 51.Ke3 Rb3+ 52.Kd4 Rxf3 53.Ke5 Rb3 54.Rd6 Rb5+ 55.Rd5 Rxd5+ 56.Kxd5 Kg8
57.Ke5 Kf8 58.Kf6 Ke8 59.Kxf5 Kf7 60.Ke5 Ke7 61.f5 Kf7 62.f6 Kf8 63.f7 Kxf7  1/2-1/2

[Event "AUT-chT9697"]
[Site "Austria"]
[Date "1996.??.??"]
[Round "4"]
[White "Schieder, Andreas"]
[Black "Postl, Anton"]
[Result "0-1"]
[WhiteElo "2125"]
[BlackElo "2300"]

1.d4 Nf6 2.Bg5 e6 3.Nd2 h6 4.Bh4 d5 5.e3 c5 6.c3 Nc6 7.f4 Be7 8.Bd3 Qc7 9.Nh3 Bd7
10.Bxf6 Bxf6 11.Qf3 Qb6 12.Rb1 Rc8 13.Nf2 cxd4 14.exd4 g6 15.Nb3 Na5 16.Nc5 Bb5
17.O-O O-O 18.Ng4 Bg7 19.Qh3 Bxd3 20.Qxd3 Qc7 21.Rf3 b6 22.Nxe6 fxe6 23.Qxg6 Kh8
24.Rh3 Qxf4 25.Qxe6 Bxd4+ 26.cxd4 Rc1+  0-1

[Event "Barcelona op"]
[Site "Barcelona"]
[Date "1996.??.??"]
[Round "?"]
[White "Gil Gonzales, Jose Manuel"]
[Black "Collado Galarza, Jose"]
[Result "1/2-1/2"]
[WhiteElo "2395"]
[BlackElo "2280"]

1.d4 Nf6 2.Bg5 e6 3.e4 h6 4.Bxf6 Qxf6 5.Nf3 d6 6.e5 Qe7 7.Nc3 Nc6 8.Be2 g5
9.exd6 Qxd6 10.d5 exd5 11.Nb5 Qe7 12.Qxd5 Bg7 13.O-O-O O-O 14.Rhe1 Rd8 15.Qc4 Be6
16.Qa4 a6 17.Nbd4 Qf6 18.c3 Nxd4 19.Nxd4 Qxf2 20.Bf3 Bd5 21.Re2 Qh4 22.Bxd5 Qf4+
23.Kb1 Rxd5 24.g3 Qf6 25.Rde1 c5 26.Nc2 b5  1/2-1/2

[Event "Regionalliga NW9596"]
[Site "Bayern"]
[Date "1996.??.??"]
[Round "?"]
[White "Graef, Steffen"]
[Black "Assmann, Thomas"]
[Result "0-1"]
[WhiteElo "2005"]
[BlackElo "2290"]

1.d4 Nf6 2.Bg5 e6 3.e4 h6 4.Bxf6 Qxf6 5.Nc3 Bb4 6.Qd2 d6 7.f4 e5 8.fxe5 dxe5
9.d5 Qh4+ 10.g3 Bxc3 11.gxh4 Bxd2+ 12.Kxd2 Bg4 13.Be2 h5 14.h3 Bxe2 15.Nxe2 Nd7
16.b4 Nf8 17.Ng3 Ng6 18.Nf5 Kf8 19.c4 Nf4 20.c5 g6 21.Ne3 Ke7 22.Rad1 f6
23.Rh2 Rhd8 24.Kc3 Rab8 25.Nc4 b6 26.c6 Rbc8 27.Rdd2 f5 28.Nxe5 fxe4 29.Kc4 Kf6
30.Nd7+ Kf5 31.Rd1 e3 32.Kd4 Re8 33.Rg1 Re4+ 34.Kc3 Nxd5+ 35.Kc2 Nxb4+ 36.Kb3 Nxc6  0-1

[Event "Oberliga Bayern9596"]
[Site "Bayern"]
[Date "1996.??.??"]
[Round "?"]
[White "Taggatz, Mario"]
[Black "Wachinger, Guenther"]
[Result "1/2-1/2"]
[WhiteElo "2225"]
[BlackElo "2275"]

1.d4 Nf6 2.Bg5 e6 3.Nf3 h6 4.Bh4 c5 5.e3 cxd4 6.exd4 Be7 7.Bd3 O-O 8.O-O b6
9.Nbd2 Bb7 10.c3 Nc6 11.Re1 Rc8 12.Bc2 Nd5 13.Bxe7 Ncxe7 14.Ne4 d6 15.Qd3 Ng6
16.g3 Qc7 17.Rac1 e5 18.Nh4 Nxh4 19.Nxd6 Nf6 20.Nxb7 e4 21.Rxe4 Nxe4 22.Qxe4 Ng6
23.Qd5 Qc6 24.Qxc6 Rxc6 25.Be4 Rc7 26.Nd6 Rd8 27.Nf5 Ne7 28.Nxe7+ Rxe7 29.Bf3 f5
30.d5 b5 31.b3 Rc7 32.c4 bxc4 33.bxc4 Rc5 34.Kf1 Rb8 35.Rc2 Rbc8 36.d6 Rd8
37.Rd2 Kf8 38.Rd4 Ke8 39.Bd1 Kd7 40.Ba4+ Ke6 41.d7 Ke5 42.Rd1 Rxc4 43.Bb5 Rd4
44.Re1+ Kd6 45.Re8 Kc7 46.Re5  1/2-1/2

[Event "Regionalliga SW9596"]
[Site "Bayern"]
[Date "1996.??.??"]
[Round "?"]
[White "Wolf, Gerhard"]
[Black "Stoppa, Detlef"]
[Result "1/2-1/2"]
[WhiteElo "2005"]
[BlackElo "1865"]

1.d4 Nf6 2.Bg5 e6 3.e4 Be7 4.Nc3 d5 5.exd5 Nxd5 6.Bxe7 Qxe7 7.Nxd5 exd5+
8.Be2 O-O 9.Nf3 Bf5 10.O-O Nd7 11.Qd2 Nf6 12.Ne5 Ne4 13.Qf4 Qg5 14.Qxg5 Nxg5
15.Bd3 Bxd3 16.Nxd3 Rfe8 17.Rfe1  1/2-1/2

[Event "Benasque op"]
[Site "Benasque"]
[Date "1996.??.??"]
[Round "2"]
[White "Asensio Soto, Fermin"]
[Black "Kurajica, Bojan"]
[Result "0-1"]
[WhiteElo "2150"]
[BlackElo "2490"]

1.d4 Nf6 2.Bg5 e6 3.e4 h6 4.Bxf6 Qxf6 5.Nc3 Bb4 6.Qd2 c5 7.e5 Qe7 8.Nf3 cxd4
9.Nxd4 O-O 10.a3 Ba5 11.O-O-O Nc6 12.f4 d5 13.Kb1 Nxd4 14.Qxd4 Bd7 15.Nxd5 exd5
16.Qxd5 Bg4 17.Bd3 Bxd1 18.Rxd1 Bb6 19.Qe4 f5  0-1

[Event "Benasque op"]
[Site "Benasque"]
[Date "1996.??.??"]
[Round "7"]
[White "Fernandez, A."]
[Black "Marin, Mihail"]
[Result "0-1"]
[WhiteElo "2410"]
[BlackElo "2530"]

1.d4 Nf6 2.Bg5 e6 3.e4 h6 4.Bxf6 Qxf6 5.Nf3 d6 6.Nc3 Nd7 7.Qd2 a6 8.O-O-O Qd8
9.g3 c5 10.dxc5 Nxc5 11.Ne5 b5 12.Nd3 Qb6 13.Nxc5 Qxc5 14.Qd4 Bd7 15.Be2 Bc6
16.a3 Rb8 17.Rhe1 Qxd4 18.Rxd4 Kd7 19.Na2 a5 20.c4 bxc4 21.Bxc4 Be7 22.Nc3 Rb6
23.b3 Rc8 24.Kd2 Bf6 25.Rd3 Ke7 26.Nd5+ Bxd5 27.exd5 e5 28.Rc3 Rc5 29.Rc2 g6
30.Rb1 Bg5+ 31.Kd3 f5 32.f3 h5 33.b4 Rc7 34.Bb3 Rcb7 35.Ba4 axb4 36.Rcb2 bxa3
37.Rxb6 Rxb6 38.Ra1 e4+ 39.fxe4 fxe4+ 40.Kc4 Bd2 41.Bb5 e3 42.Rxa3 Rxb5 43.Ra7+ Kf6  0-1

[Event "Berliner Sommer"]
[Site "Berlin"]
[Date "1996.??.??"]
[Round "4"]
[White "Wiertzema, Michael"]
[Black "Chuchelov, Vladimir"]
[Result "1/2-1/2"]
[WhiteElo "2235"]
[BlackElo "2490"]

1.d4 Nf6 2.Bg5 e6 3.e4 h6 4.Bxf6 Qxf6 5.Nc3 d6 6.Qd2 g5 7.O-O-O Bg7 8.h4 a6
9.e5 dxe5 10.dxe5 Qe7 11.hxg5 hxg5 12.Rxh8+ Bxh8 13.Nf3 Nc6 14.Nxg5 Bxe5
15.f4 Bg7 16.Nce4 Bd7 17.Nc5 O-O-O 18.Nxd7 Rxd7 19.Qxd7+ Qxd7 20.Rxd7 Kxd7
21.Nxf7 Ke7 22.Ng5 e5 23.g3 exf4 24.gxf4 Bd4 25.Nh3 Be3+ 26.Kd1 Nd4 27.c3 Ne6
28.Bg2 c6 29.f5 Ng7 30.Be4  1/2-1/2

[Event "Bern op"]
[Site "Bern"]
[Date "1996.??.??"]
[Round "8"]
[White "Manievich, Victor"]
[Black "Breyther, Ruediger"]
[Result "1-0"]
[WhiteElo "2250"]
[BlackElo "2420"]

1.d4 Nf6 2.Bg5 e6 3.e4 h6 4.Bxf6 Qxf6 5.Nf3 d6 6.e5 Qd8 7.Bd3 Nd7 8.O-O Be7
9.Qe2 dxe5 10.dxe5 c6 11.c3 Qc7 12.Nbd2 b6 13.Nb3 Bb7 14.Rad1 c5 15.Be4 Rd8
16.Nbd2 Bxe4 17.Qxe4 O-O 18.Nc4 b5 19.Ne3 c4 20.Nd4 a6 21.Qc6 Qa7 22.Nxe6 fxe6
23.Qxe6+ Rf7 24.Nf5 Kf8 25.Qg6 Nxe5 26.Rxd8+ Bxd8 27.Qd6+ Kg8 28.Qxd8+ Kh7
29.Nd4 Nd3 30.b3 Qd7 31.Qxd7 Rxd7 32.bxc4 bxc4 33.Rb1 Rxd4 34.Kf1 Rd5 35.Rb6 Ra5
36.Rc6 Nb2 37.Ke2 Rxa2  1-0

[Event "Bern op"]
[Site "Bern"]
[Date "1996.??.??"]
[Round "8"]
[White "Sylvan, Jacob"]
[Black "Kaenel, Hansjuerg"]
[Result "0-1"]
[WhiteElo "2265"]
[BlackElo "2390"]

1.d4 Nf6 2.Bg5 e6 3.e4 h6 4.Bxf6 Qxf6 5.Nf3 d5 6.Nc3 Bb4 7.e5 Qd8 8.Be2 c5
9.O-O O-O 10.a3 Ba5 11.dxc5 Bxc3 12.bxc3 Qc7 13.Qd4 Nc6 14.Qe3 Bd7 15.c4 Ne7
16.cxd5 Nxd5 17.Qd4 Rfc8 18.c4 Ne7 19.Bd3 Bc6 20.Be4 Rab8 21.Rab1 Bxe4 22.Qxe4 Qxc5
23.Rxb7 Rxb7 24.Qxb7 Qxa3 25.Rd1 Rxc4 26.h3 Nd5 27.Kh2 Qa4 28.Rd2 a5 29.Rd3 Qc2
30.Ra3 a4 31.Qa8+ Kh7 32.Qf8 Qf5 33.Nd2 Qxe5+ 34.Rg3 Rf4 35.Nf3 Qf6 36.h4 Nc3
37.Rh3 Ne4 38.Qc8 Qf5 39.Qc2 a3 40.Qa2 Qc5  0-1

[Event "Biel Credis"]
[Site "Biel"]
[Date "1996.??.??"]
[Round "8"]
[White "Casagrande, Harald"]
[Black "Rogers, Ian"]
[Result "0-1"]
[WhiteElo "2365"]
[BlackElo "2575"]

1.d4 Nf6 2.Bg5 e6 3.Nf3 h6 4.Bxf6 Qxf6 5.Nbd2 d6 6.c3 Nd7 7.e3 Qd8 8.Bc4 Be7
9.Qc2 a6 10.Nf1 b5 11.Be2 Bb7 12.a4 c6 13.Ng3 O-O 14.O-O Nb6 15.axb5 cxb5
16.b3 Qd7 17.c4 Rfc8 18.Qa2 a5 19.cxb5 Nd5 20.Rfc1 Nc3 21.Qd2 Nxe2+ 22.Qxe2 Bxf3
23.gxf3 d5 24.Nh5 Rxc1+ 25.Rxc1 Rb8 26.Rc6 Qb7 27.Qc2 Qxb5 28.Rc7 Bf8 29.Rc3 Qb4
30.Nf4 Qa3 31.Nd3 a4 32.bxa4 Qa1+ 33.Kg2 Rb1 34.f4 Rg1+ 35.Kf3 Qf1 36.Rc8 g5
37.fxg5 hxg5 38.h3 Kg7 39.Rc6 Rh1  0-1

[Event "SLO-chT"]
[Site "Bled"]
[Date "1996.??.??"]
[Round "3"]
[White "Semrl, Marjan"]
[Black "Brglez, Rado"]
[Result "1/2-1/2"]
[WhiteElo "2135"]
[BlackElo "2280"]

1.d4 Nf6 2.Bg5 e6 3.e4 h6 4.Bxf6 Qxf6 5.Nc3 g6 6.e5 Qe7 7.f4 Bg7 8.Nf3 d6
9.Bb5+ Bd7 10.Qe2 a6 11.Bd3 Bc6 12.O-O-O Nd7 13.g4 O-O-O 14.Be4  1/2-1/2

[Event "Budapest FS08 GM"]
[Site "Budapest"]
[Date "1996.??.??"]
[Round "9"]
[White "Miltner, Arndt"]
[Black "Stocek, Jiri"]
[Result "1-0"]
[WhiteElo "2330"]
[BlackElo "2460"]

1.d4 Nf6 2.Bg5 e6 3.Nd2 h6 4.Bh4 c5 5.dxc5 Bxc5 6.e3 d5 7.Ngf3 Nc6 8.a3 O-O
9.c4 Be7 10.Bd3 e5 11.Bxf6 Bxf6 12.cxd5 Qxd5 13.Be4 Qb5 14.Qb3 a6 15.Qxb5 axb5
16.O-O Be6 17.Rfc1 Rfd8 18.Rc5 b4 19.a4 Na5 20.Rb5 g5 21.h3 h5 22.g4 hxg4
23.hxg4 Be7 24.Rb1 Bxg4 25.Nxe5 Be2 26.Rd5 Rxd5 27.Bxd5 Rd8 28.Bxf7+ Kg7
29.Ndc4 Nc6 30.Nxc6 bxc6 31.Ne5 Bf6 32.Bc4 Bh5 33.Nxc6 Rd6 34.Nxb4 Bf3 35.Bd5 Bh5
36.a5 Be2 37.Bb7 Bd8 38.Nc6 Bc7  1-0

[Event "Budapest FS08 GM"]
[Site "Budapest"]
[Date "1996.??.??"]
[Round "10"]
[White "Miltner, Arndt"]
[Black "McDonald, Neil R"]
[Result "1/2-1/2"]
[WhiteElo "2330"]
[BlackElo "2500"]

1.d4 Nf6 2.Bg5 e6 3.Nd2 h6 4.Bxf6 Qxf6 5.Ngf3 g5 6.c3 Bg7 7.g3 b6 8.Bg2 Bb7
9.O-O Qe7 10.a4 a5 11.e3 d6 12.Qb1 Nd7 13.b4 d5 14.bxa5 Rxa5 15.Nb3 Ra8 16.Rc1 O-O
17.Nfd2 c5 18.c4 Rfd8 19.Qd3 cxd4 20.exd4 dxc4 21.Nxc4 Bxg2 22.Kxg2 Qb4 23.Ne3 Rdc8
24.Qb5 Qd6 25.Rc4 Rxc4 26.Nxc4 Qc7 27.Ne3 Rc8 28.Kg1 Qd6 29.Rd1 Rc3 30.d5 Ne5
31.dxe6 Nf3+ 32.Kg2 Qxe6 33.Kxf3 Rxb3 34.Qd5 Qxd5+ 35.Rxd5 Ra3  1/2-1/2

[Event "Budapest FS08 GM"]
[Site "Budapest"]
[Date "1996.??.??"]
[Round "12"]
[White "Miltner, Arndt"]
[Black "Aagaard, Jacob"]
[Result "1-0"]
[WhiteElo "2330"]
[BlackElo "2370"]

1.d4 Nf6 2.Bg5 e6 3.Nf3 h6 4.Bxf6 Qxf6 5.Nbd2 d6 6.c3 Nd7 7.g3 g5 8.Bg2 g4
9.Nh4 h5 10.h3 d5 11.hxg4 hxg4 12.e4 Qg5 13.exd5 exd5 14.Qe2+ Kd8 15.O-O-O Bh6
16.Rhe1 c6 17.Kb1 Kc7 18.c4 Nf6 19.Qe5+ Qxe5 20.dxe5 Ne4 21.Bxe4 dxe4 22.Nxe4 Be6
23.b3 b6 24.Kc2 a5 25.a4 Rag8 26.Nd6 Bg5 27.Nhf5 Rh2 28.Re2 Rgh8 29.Rd4 Rg2
30.Rxg4 Bd8  1-0

[Event "Cannes op"]
[Site "Cannes"]
[Date "1996.??.??"]
[Round "5"]
[White "Summerscale, Aaron"]
[Black "Knezevic, Bojan"]
[Result "0-1"]
[WhiteElo "2465"]
[BlackElo "2380"]

1.d4 Nf6 2.Bg5 e6 3.e4 h6 4.Bxf6 Qxf6 5.Nc3 d6 6.Qd2 c6 7.O-O-O e5 8.Nf3 Be7
9.Kb1 Nd7 10.Ne2 Nf8 11.Qa5 Ng6 12.Ng3 Bd8 13.Qc3 O-O 14.d5 cxd5 15.Rxd5 Bb6
16.Qe1 Bg4 17.Rd2 Nf4 18.Ng1 Rac8 19.f3 Be6 20.N1e2 Rc6 21.Nxf4 exf4 22.Ne2 Rfc8
23.c3 Be3 24.Rd1 Ra6 25.Nc1 Rb6 26.Ka1 Qe5 27.Bd3 Qa5 28.c4 Qe5 29.Nb3 a5
30.Qxa5 Qxa5 31.Nxa5 Ra8 32.c5 dxc5 33.Nc4 Rb4 34.b3 Rxb3 35.Nxe3 fxe3 36.Bb1 Rba3
37.Kb2 Bxa2 38.Rd7 Rb3+ 39.Kc2 Rxb1 40.Rxb1 Bxb1+ 41.Kxb1 e2  0-1

[Event "Cappelle op"]
[Site "Cappelle la Grande "]
[Date "1996.??.??"]
[Round "7"]
[White "Dunnington, Angus J"]
[Black "Lerner, Konstantin Z"]
[Result "0-1"]
[WhiteElo "2450"]
[BlackElo "2595"]

1.d4 Nf6 2.Bg5 e6 3.e4 h6 4.Bxf6 Qxf6 5.Nc3 d6 6.Qd2 a6 7.O-O-O Nd7 8.f4 g6
9.Nf3 Qe7 10.e5 d5 11.h4 h5 12.Ng5 Nb6 13.g4 hxg4 14.Qg2 Bd7 15.Qxg4 O-O-O
16.h5 f5 17.Qg3 gxh5 18.Be2 Be8 19.Rh4 Bh6 20.Rg1 c5 21.Bxh5 Bxg5 22.Qxg5 Qxg5
23.Rxg5 cxd4 24.Ne2 Nd7 25.Rh1 Nc5 26.Bf3 Rxh1+ 27.Bxh1 d3 28.Nd4 dxc2 29.Kxc2 Bd7
30.Bf3 Rh8 31.Rh5 Rxh5 32.Bxh5 Kd8 33.Bf3 a5 34.b3 Ke7 35.a3 Be8 36.b4 axb4
37.axb4 Nd7 38.Bxd5 exd5 39.Nxf5+ Ke6 40.Nd4+ Ke7 41.Nf5+ Kd8 42.Kc3 Nf8
43.Nd6 Ng6 44.Nxb7+ Kc7 45.Nd6 Bd7 46.Kd4 Nxf4 47.b5 Be6 48.Kc5 Nd3+ 49.Kd4 Nc1
50.Ne8+ Kb6 51.Kc3 Ne2+ 52.Kd3 Nf4+ 53.Ke3 Ng6 54.Kd4 Ne7  0-1

[Event "Celle Ligure op"]
[Site "Celle Ligure"]
[Date "1996.??.??"]
[Round "4"]
[White "Zlochevskij, Alexander"]
[Black "Sbarra, Marco"]
[Result "1/2-1/2"]
[WhiteElo "2405"]
[BlackElo "2280"]

1.d4 Nf6 2.Bg5 e6 3.e4 h6 4.Bxf6 Qxf6 5.Nc3 d6 6.Qd2 g6 7.f4 Bg7 8.Nf3 a6
9.O-O-O Qe7 10.f5 g5 11.g4 Nc6 12.Bg2 Bd7 13.Rhf1 O-O-O 14.Rde1 Kb8 15.Kb1 Rde8
16.h3 Qd8 17.Ne2 exf5 18.exf5 Na7 19.Ng3 Rxe1+ 20.Rxe1 Re8 21.Nh5 Bf8 22.f6 Rxe1+
23.Qxe1 Be6 24.Qe4 c6 25.Qe2  1/2-1/2

[Event "Capablanca mem-B"]
[Site "Cienfuegos"]
[Date "1996.??.??"]
[Round "5"]
[White "Bellon Lopez, Juan Manuel"]
[Black "Rivera, Alberto"]
[Result "1-0"]
[WhiteElo "2505"]
[BlackElo "2415"]

1.d4 Nf6 2.Bg5 e6 3.e3 h6 4.Bh4 c5 5.Nf3 cxd4 6.exd4 d6 7.Nbd2 Be7 8.Bxf6 Bxf6
9.c3 d5 10.Bd3 Nc6 11.Qe2 Qc7 12.Nf1 Bd7 13.Ne3 Be7 14.g3 a6 15.h4 O-O-O
16.h5 Bd6 17.Nd2 Kb8 18.f4 Rc8 19.Nf3 f6 20.O-O-O Nb4 21.Kb1 Nxd3 22.Qxd3 Bb5
23.Qd2 Be8 24.Ka1 Qa5 25.Rde1 Ba4 26.Kb1 Bd7 27.Nc2 Rc6 28.Na1 Rhc8 29.Nb3 Qb6
30.Ka1 a5 31.f5 exf5 32.Nc5 Qc7 33.Qd3 Rd8 34.Nxd7+ Rxd7 35.Re8+ Ka7 36.Nh4 f4
37.gxf4 Bxf4 38.Nf5 Rb6 39.Rhe1 Bg5 40.Qc2 Rd8 41.R8e7 Qf4 42.Rxg7 Qf3 43.Rc7 Bd2
44.Qxd2 Qxf5 45.Rc5 Ra6 46.Qxh6 Re8 47.Rd1 Rg8 48.a3 a4 49.Qd2 Qxh5 50.Qd3 Rg5
51.Qb5 Qf7 52.Re1 Re6 53.Qa5+ Ra6 54.Qb5 Rh5 55.Rc8 Qh7 56.Qc5+ Rb6 57.Qa5+ Ra6
58.Qd8  1-0

[Event "Decin op"]
[Site "Decin"]
[Date "1996.??.??"]
[Round "5"]
[White "Cech, Pavel"]
[Black "Sleich, Jan"]
[Result "1-0"]
[WhiteElo "2325"]
[BlackElo "2200"]

1.d4 Nf6 2.Bg5 e6 3.e4 h6 4.Bxf6 Qxf6 5.Nc3 b6 6.Qd2 Bb7 7.Nf3 d6 8.O-O-O Nd7
9.Bb5 c6 10.Bd3 d5 11.exd5 cxd5 12.Nb5 Kd8 13.Kb1 a6 14.Nc3 Bd6 15.Rhe1 Kc7
16.a3 Kb8 17.Qe3 Qe7 18.Ne5 Nxe5 19.dxe5 Bc5 20.Qg3 Ka7 21.Na4 Bc6 22.Nxc5 bxc5
23.Ka1 Rab8 24.Rb1 Rb6 25.c3 c4 26.Bc2 Rhb8 27.Qe3 Ka8 28.Re2 Qb7 29.Bd1 Qe7
30.Bc2 R8b7 31.f4 g6 32.g4 Rb8 33.Bd1 R8b7 34.Bc2 Kb8 35.f5 g5 36.Rf2 Bd7
37.h3 Kc7 38.Re2 Rb8 39.Rf2 R8b7 40.Re2 Kb8 41.Rf2 Ka7 42.f6 Qf8 43.Rh2 Ka8
44.h4 gxh4 45.Rxh4 Qb8 46.Rxh6 Rxb2 47.Rxb2 Rxb2 48.Rh8 Qxh8 49.Kxb2 Qh2
50.Qb6 Qxe5 51.Qd8+ Qb8+ 52.Qxb8+ Kxb8 53.g5 Be8 54.Ba4  1-0

[Event "Nord Cup 2nd"]
[Site "Duesseldorf"]
[Date "1996.??.??"]
[Round "5"]
[White "Wiertzema, Michael"]
[Black "De Gleria, Francesco"]
[Result "0-1"]
[WhiteElo "2230"]
[BlackElo "2270"]

1.d4 Nf6 2.Bg5 e6 3.e4 d6 4.Nc3 h6 5.Be3 Be7 6.g3 O-O 7.Bg2 Nbd7 8.h3 c5
9.Nge2 cxd4 10.Nxd4 a6 11.O-O Qc7 12.a4 Ne5 13.Nce2 b6 14.b3 Bb7 15.f3 Rac8
16.c4 Rfd8 17.Rc1 Ned7 18.Kh2 Qb8 19.Nc3 Qa8 20.Rf2 a5 21.Rd2 Nc5 22.Ndb5 Qb8
23.Bf4 Nh5 24.Bxd6 Bxd6 25.Nxd6 Nxb3 26.Qxb3 Rxd6 27.Rdc2 Rd3 28.Qxb6 Nxg3
29.Kg1 Rcd8 30.Qf2 Qf4 31.Ne2 Rd1+ 32.Rxd1 Rxd1+ 33.Bf1 Nxe2+ 34.Qxe2 Qg3+
35.Qg2 Qe1 36.Qf2 Bc6 37.Qxe1 Rxe1 38.Ra2 Rb1 39.Kf2 Kf8 40.Bd3 Rb4 41.Ke3 e5
42.c5 Ke7 43.h4 g6 44.Bc2 Rc4 45.Kd3 Rxc5 46.Rb2 f5 47.Rb6 Kd6 48.Rb8 fxe4+
49.fxe4 Bxe4+ 50.Kxe4 Rxc2 51.Rb6+ Rc6 52.Rxc6+ Kxc6 53.Kxe5 Kc5 54.Kf6 g5  0-1

[Event "Espoo op"]
[Site "Espoo"]
[Date "1996.??.??"]
[Round "?"]
[White "Puranen, Jukka"]
[Black "Salo, Tapio"]
[Result "1/2-1/2"]
[WhiteElo "2300"]
[BlackElo "2310"]

1.d4 Nf6 2.Bg5 e6 3.e3 c5 4.c3 Be7 5.Nd2 b6 6.Ngf3 Bb7 7.Bd3 cxd4 8.exd4 Nd5
9.Ne4 Bxg5 10.Nd6+ Kf8 11.Nxb7 Qe7 12.Nd6 Bf4 13.Nc4 g6 14.g3 Bh6 15.h4 Kg7
16.Qe2 f5 17.h5 d6 18.Ncd2 Nd7 19.Kf1 N7f6 20.Re1 Nc7 21.Nh4 Qd7 22.Nc4 Rae8
23.hxg6 hxg6 24.Kg2 g5 25.Nf3 Qc6 26.Kg1 g4 27.Nh4 Bg5 28.Ne3 Bxh4 29.gxh4 Rh5
30.Ng2 Reh8 31.c4 Qf3 32.b3 Qxe2 33.Rxe2 Kf7 34.d5 e5 35.Ne3 e4 36.Bb1 f4
37.Nf1 Re8 38.Nd2 Rhe5 39.Nf1 a5 40.Bc2 R8e7 41.h5 Nxh5 42.Rxe4 Rxe4 43.Bxe4 Nf6
44.Bf5 Re2 45.Rh4 Rxa2  1/2-1/2

[Event "EST-ch"]
[Site "?"]
[Date "1996.??.??"]
[Round "4"]
[White "Kulaots, Kaido"]
[Black "Zavoronkov, Vladimir"]
[Result "0-1"]
[WhiteElo "2400"]
[BlackElo "2240"]

1.d4 Nf6 2.Bg5 e6 3.e4 h6 4.Bxf6 Qxf6 5.Nc3 d6 6.Qd2 a6 7.O-O-O b5 8.g3 b4
9.Nb1 Bb7 10.Bg2 Qg5 11.f4 Qa5 12.d5 Be7 13.a3 c5 14.e5 Qb6 15.dxe6 fxe6
16.exd6 Bf6 17.axb4 O-O 18.Nf3 Nc6 19.Na3 Na5 20.Qe2 cxb4 21.Nb1 Rac8 22.Nbd2 Qc6
23.Ne1 Qa4 24.Kb1 Bxg2 25.Qxg2 Bxb2 26.Kxb2 Qa3+ 27.Kb1 b3  0-1

[Event "FIN-chT 9596"]
[Site "FIN"]
[Date "1996.??.??"]
[Round "8"]
[White "Puranen, Jukka"]
[Black "Hokkanen, Petri"]
[Result "1-0"]
[WhiteElo "2300"]
[BlackElo "2260"]

1.d4 Nf6 2.Bg5 e6 3.e3 c5 4.c3 cxd4 5.exd4 Be7 6.Bd3 Nc6 7.Nf3 b6 8.Nbd2 Bb7
9.O-O O-O 10.Re1 Rc8 11.Nf1 Nd5 12.Bd2 Bf6 13.Ng3 d6 14.Ne4 Be7 15.Neg5 h6
16.Nh3 Re8 17.Qe2 Bf8 18.Rad1 g6 19.Bb1 Na5 20.Qd3 Nc4 21.Bc1 b5 22.Nd2 Nxd2
23.Bxd2 a6 24.Qg3 Qf6 25.f4 Ne7 26.Nf2 Nf5 27.Ng4 Qg7 28.Qh3 h5 29.Nf2 Be7
30.a3 Nh4 31.Be4 Bxe4 32.Rxe4 d5 33.Re2 Nf5 34.Rde1 Nd6 35.Qd3 Qf6 36.Bc1 Qf5
37.Qf3 Kg7 38.Kh1 Kg8 39.g4 hxg4 40.Nxg4 Qh5 41.Rg1 Kg7 42.Qe3 Ne4 43.Reg2 Rh8
44.Bd2 Qh3 45.Nf2 Nxd2  1-0

[Event "FRA-ch"]
[Site "France"]
[Date "1996.??.??"]
[Round "8"]
[White "Degraeve, Jean Marc"]
[Black "Marciano, David"]
[Result "1/2-1/2"]
[WhiteElo "2515"]
[BlackElo "2480"]

1.d4 Nf6 2.Bg5 e6 3.e4 h6 4.Bxf6 Qxf6 5.Nc3 d6 6.Qd2 g5 7.O-O-O Bg7 8.e5 dxe5
9.dxe5 Qe7 10.f4 gxf4 11.Nf3 Nc6 12.Qxf4 Bd7 13.a3 O-O-O 14.Bd3 Qc5 15.Rde1 Rdf8
16.Kb1 Qa5 17.Qe3 h5 18.Qg5 Rfg8 19.Qf4 Rf8 20.Qg5  1/2-1/2

[Event "Eikrem mem"]
[Site "Gausdal"]
[Date "1996.??.??"]
[Round "1"]
[White "Rausis, Igors"]
[Black "Berntsen, Sheila Barth"]
[Result "1-0"]
[WhiteElo "2495"]
[BlackElo "2115"]

1.d4 Nf6 2.Bg5 e6 3.Nd2 d5 4.Ngf3 c5 5.e3 Nc6 6.c3 Be7 7.Bd3 b6 8.O-O a5
9.Ne5 Nxe5 10.dxe5 Nd7 11.Bf4 Ba6 12.c4 Qc7 13.Qa4 O-O 14.Nf3 dxc4 15.Bxc4 b5
16.Bxb5 Nb6 17.Qxa5 Bb7 18.Qd2 Bxf3 19.gxf3 Qb7 20.Qe2 Nd5 21.Bg3 Rfb8 22.a4 Nc7
23.e4 Nxb5 24.axb5 Rxa1 25.Rxa1 h6 26.Bf4 Qxb5 27.Qxb5 Rxb5 28.Ra8+ Bf8 29.Bc1 c4
30.Rc8 Rc5 31.Rd8 Rxe5 32.Bf4 Rb5 33.Bd6 Rxb2 34.Rxf8+ Kh7 35.Rxf7  1-0

[Event "Troll Masters"]
[Site "Gausdal"]
[Date "1996.??.??"]
[Round "1"]
[White "Sokolovs, Andrei"]
[Black "Bergstrom, Rolf"]
[Result "1/2-1/2"]
[WhiteElo "2495"]
[BlackElo "2315"]

1.d4 Nf6 2.Bg5 e6 3.Nd2 h6 4.Bh4 c5 5.e3 cxd4 6.exd4 Be7 7.Ngf3 b6 8.c3 O-O
9.Bxf6 Bxf6 10.Bd3 Ba6 11.Ne4 Be7 12.d5 Bb7 13.Bc4 d6 14.O-O e5 15.Ng3 g6
16.Qe2 Nd7 17.Rad1 Bf6 18.Ne4 Be7 19.Ng3 Bf6 20.Ne4 Be7  1/2-1/2

[Event "Gausdal Masters"]
[Site "Gausdal"]
[Date "1996.??.??"]
[Round "5"]
[White "Sokolov, Andrei"]
[Black "Borge, Nikolaj"]
[Result "1-0"]
[WhiteElo "2580"]
[BlackElo "2455"]

1.d4 Nf6 2.Bg5 e6 3.Nd2 h6 4.Bh4 c5 5.e3 cxd4 6.exd4 b6 7.Ne4 Be7 8.Bxf6 gxf6
9.Be2 Bb7 10.Bf3 Qc7 11.c3 d5 12.Ng3 Nd7 13.Bh5 f5 14.Nh3 Ba6 15.Be2 Bxe2
16.Qxe2 Qc4 17.Nf4 Qxe2+ 18.Ngxe2 b5 19.h3 Rg8 20.f3 h5 21.h4 Bd6 22.Kf2 Rh8
23.a4 b4 24.cxb4 Bxb4 25.Nd3 Bd6 26.Rhc1 Ke7 27.Rc6 Rab8 28.Nc3 Rhg8 29.Nxd5+  1-0

[Event "Oberliga Nord N9596"]
[Site "Germany"]
[Date "1996.??.??"]
[Round "?"]
[White "Sell, Achim"]
[Black "Breyther, Ruediger"]
[Result "0-1"]
[WhiteElo "2245"]
[BlackElo "2430"]

1.d4 Nf6 2.Bg5 e6 3.e4 h6 4.Bxf6 Qxf6 5.Nc3 d6 6.Qd2 g5 7.O-O-O Bg7 8.g3 Nc6
9.e5 dxe5 10.d5 Nd4 11.Ne4 Qe7 12.dxe6 Bxe6 13.c3 f5 14.cxd4 fxe4 15.d5 Qc5+
16.Qc3 Qxc3+ 17.bxc3 Bd7 18.Bg2 O-O 19.Rd2 Bf5 20.c4 c6 21.dxc6 bxc6 22.Ne2 Rad8
23.Rhd1 Rd3 24.Rxd3 exd3 25.Nc3 Be6 26.Rxd3 Bxc4 27.Rd2 e4 28.Nxe4 Bd5 29.f3 Rb8
30.Nf2 Rb4 31.Nd3 Ra4 32.Kb1 Ra3 33.Nb4 Bc3 34.Rxd5 cxd5 35.Nxd5 Bd4 36.f4 Bg1
37.fxg5 hxg5 38.g4 Bxh2 39.Be4 Be5 40.Bf5 Kf7 41.Nb4 Ke7 42.Nd3 Kd6 43.Nf2 Bf6
44.Ne4+ Ke5 45.Nc5 Kf4 46.Ne4 Bd4 47.Nd6 Rg3  0-1

[Event "BL2-O9596"]
[Site "Germany"]
[Date "1996.??.??"]
[Round "?"]
[White "Jansa, Vlastimil"]
[Black "Derichs, Roger"]
[Result "1-0"]
[WhiteElo "2500"]
[BlackElo "2295"]

1.d4 Nf6 2.Bg5 e6 3.e4 h6 4.Bxf6 Qxf6 5.Nc3 b6 6.Nf3 Bb7 7.Bd3 g5 8.Qe2 d6
9.e5 Qe7 10.O-O-O Bg7 11.h4 g4 12.Nd2 dxe5 13.Qxg4 f5 14.Qg3 Nd7 15.Nb5 O-O
16.Bc4 Nf6 17.dxe5 Ng4 18.Rde1 Qc5 19.Re2 Bxe5 20.f4 Bg7 21.Rxe6 Bd5 22.Bxd5 Qxd5
23.Qb3 Qxb3 24.axb3 c5 25.Nc4 Rfe8 26.Rhe1 Rxe6 27.Rxe6 Bf6 28.g3 Kf7 29.Rc6 Rd8
30.Ncd6+ Kg6 31.Nxa7 Nf2 32.c3 Ne4 33.h5+ Kxh5 34.Nxf5 Kg4 35.Nxh6+ Kxg3
36.Rxb6 Kxf4 37.Kb1 Bg5 38.Nf7 Rd1+ 39.Kc2 Rd2+ 40.Kc1 Bh4 41.Nb5 Rf2 42.Kb1 Ke3
43.Ne5 Rg2 44.Nc4+ Kd3 45.Rb7 Rg1+ 46.Ka2 Bf6 47.Rd7+ Kc2 48.Rh7 Re1 49.Rh2+ Kd3
50.Nbd6 Nxc3+ 51.bxc3 Kxc3 52.Nb2 Re6 53.Rh3+ Kc2 54.Ndc4 Bxb2 55.Nxb2 Ra6+
56.Na4  1-0

[Event "Oberliga Nord N9596"]
[Site "Germany"]
[Date "1996.??.??"]
[Round "?"]
[White "Kurth, Justus"]
[Black "Gustafsson, Jan"]
[Result "1/2-1/2"]
[WhiteElo "2245"]
[BlackElo "2205"]

1.d4 Nf6 2.Bg5 e6 3.Nd2 h6 4.Bh4 c5 5.e3 Be7 6.c3 b6 7.Ngf3 Bb7 8.Bd3 Nc6
9.O-O O-O 10.Re1 cxd4 11.exd4 Nd5 12.Bxe7 Ncxe7  1/2-1/2

[Event "BL2-S9596"]
[Site "Germany"]
[Date "1996.??.??"]
[Round "?"]
[White "Gerstner, Wolfgang"]
[Black "Fahnenschmidt, Gerhard"]
[Result "1-0"]
[WhiteElo "2385"]
[BlackElo "2400"]

1.d4 Nf6 2.Bg5 e6 3.Nd2 c5 4.e3 b6 5.c3 Bb7 6.Ngf3 Be7 7.Bd3 h6 8.Bh4 cxd4
9.exd4 O-O 10.O-O Ba6 11.Bxa6 Nxa6 12.Ne5 Nd5 13.Bxe7 Nxe7 14.Qe2 Nb8 15.a4 Nbc6
16.Nxc6 Nxc6 17.d5 exd5 18.Nf3 Qf6 19.Rad1 Rfe8 20.Qb5 Re4 21.Rxd5 Rae8 22.Rxd7 Rg4
23.h3 Rg6 24.Nd4 Nxd4 25.Rxd4 Re5 26.Qd3 Qc6 27.g3 Qe6 28.Kg2 Re2 29.b3 Qc6+
30.Kg1 Rb2 31.c4 Qc5 32.h4 Qh5 33.Re1 Kh7 34.Rd5 f5 35.Rxf5 Qxh4 36.Rf8 Qg5
37.Ree8 Qc1+ 38.Kg2 Rxf2+ 39.Kxf2 Qb2+ 40.Kf3  1-0